BIBLIOTECA PODER JUDICIAL
Portal Judicial TDF

Nunca más otro caso "Fornerón" / (Registro nro. 5729)

000 -LEADER
fixed length control field 01264nab a22002657a 4500
003 - CONTROL NUMBER IDENTIFIER
control field OSt
005 - DATE AND TIME OF LATEST TRANSACTION
control field 20260101184458.0
008 - FIXED-LENGTH DATA ELEMENTS--GENERAL INFORMATION
fixed length control field 190514b xxu||||| |||| 00| 0 spa d
040 ## - CATALOGING SOURCE
Transcribing agency PJ
100 ## - MAIN ENTRY--PERSONAL NAME
9 (RLIN) 6649
Personal name Jure, María Angélica
245 10 - TITLE STATEMENT
Title Nunca más otro caso "Fornerón" /
Statement of responsibility, etc María Angélica Jure.
300 ## - PHYSICAL DESCRIPTION
Extent p. 8-17
500 ## - GENERAL NOTE
General note TR LALEY AR/DOC/3263/2024.
505 ## - FORMATTED CONTENTS NOTE
Formatted contents note Sumario: I. Introducción.— II. Breve relación de la causa.— III. Sobre el fallo de la CS.— IV. Admisión del recurso de queja. Razones.— V. Sobre el impacto de los fallos de la CIDH.— VI. Sobre una cuestión vinculada al consentimiento materno.— VII. Reflexión final. <br/>
505 ## - FORMATTED CONTENTS NOTE
Formatted contents note Fallo comentado: CS ~ 13/08/2024 ~ P., M. B. s/ medidas precautorias.
650 #0 - SUBJECT ADDED ENTRY--TOPICAL TERM
9 (RLIN) 2741
Topical term or geographic name as entry element DERECHOS DE LAS NIÑAS, NIÑOS Y ADOLESCENTES
650 #0 - SUBJECT ADDED ENTRY--TOPICAL TERM
9 (RLIN) 967
Topical term or geographic name as entry element DERECHO DE FAMILIA
650 #0 - SUBJECT ADDED ENTRY--TOPICAL TERM
9 (RLIN) 3377
Topical term or geographic name as entry element CORTE INTERAMERICANA DE DERECHOS HUMANOS
650 #0 - SUBJECT ADDED ENTRY--TOPICAL TERM
9 (RLIN) 614
Topical term or geographic name as entry element DERECHOS HUMANOS
650 #0 - SUBJECT ADDED ENTRY--TOPICAL TERM
9 (RLIN) 5585
Topical term or geographic name as entry element CONSENTIMIENTO
650 #0 - SUBJECT ADDED ENTRY--TOPICAL TERM
9 (RLIN) 974
Topical term or geographic name as entry element ADOPCIÓN
650 #0 - SUBJECT ADDED ENTRY--TOPICAL TERM
9 (RLIN) 1057
Topical term or geographic name as entry element JURISPRUDENCIA APLICABLE
773 0# - HOST ITEM ENTRY
Host Biblionumber 2844
Host Itemnumber 3222
Place, publisher, and date of publication Buenos Aires : AbeledoPerrot, 1989-
Title Derecho de familia. Revista Interdisciplinaria de doctrina y jurisprudencia. Febrero 2025-I.
International Standard Book Number 18511201
942 ## - ADDED ENTRY ELEMENTS (KOHA)
Source of classification or shelving scheme
Koha item type Analítica Artículo de Revista

No hay ítems disponibles.

12 de Octubre 789 Ushuaia - Tel:  54(02901)441571
Horario de Atención: 8.00 a 17.00 hs. 
bibliotecaush@justierradelfuego.gov.ar
koha@justierradelfuego.gov.ar
Seguinos en nuestras redes @bibliojustdf 

Con tecnología Koha